<?xml version="1.0" encoding="UTF-8"?><?xml-stylesheet type="text/xsl" href="static/style.xsl"?><OAI-PMH xmlns="http://www.openarchives.org/OAI/2.0/" xmlns:xsi="http://www.w3.org/2001/XMLSchema-instance" xsi:schemaLocation="http://www.openarchives.org/OAI/2.0/ http://www.openarchives.org/OAI/2.0/OAI-PMH.xsd"><responseDate>2026-06-01T17:16:00Z</responseDate><request verb="GetRecord" identifier="oai:riuma.uma.es:10630/19440" metadataPrefix="marc">https://riuma.uma.es/rest/oai/request</request><GetRecord><record><header><identifier>oai:riuma.uma.es:10630/19440</identifier><datestamp>2026-02-03T10:16:20Z</datestamp><setSpec>com_10630_1685</setSpec><setSpec>col_10630_38084</setSpec></header><metadata><record xmlns="http://www.loc.gov/MARC21/slim" xmlns:dcterms="http://purl.org/dc/terms/" xmlns:doc="http://www.lyncode.com/xoai" xmlns:xsi="http://www.w3.org/2001/XMLSchema-instance" xsi:schemaLocation="http://www.loc.gov/MARC21/slim http://www.loc.gov/standards/marcxml/schema/MARC21slim.xsd">
   <leader>00925njm 22002777a 4500</leader>
   <datafield ind2=" " ind1=" " tag="042">
      <subfield code="a">dc</subfield>
   </datafield>
   <datafield ind2=" " ind1=" " tag="720">
      <subfield code="a">Nadal-Masegosa, Antonio</subfield>
      <subfield code="e">author</subfield>
   </datafield>
   <datafield ind2=" " ind1=" " tag="260">
      <subfield code="c">2020-03-26</subfield>
   </datafield>
   <datafield ind2=" " ind1=" " tag="520">
      <subfield code="a">Diagnóstico y didáctica de la formación en educación patrimonial, como material docente universitario, pretende que se desarrolle el fundamental análisis teórico y crítico del estado de la cuestión de la educación patrimonial, comprobar la valoración de los y las estudiantes sobre su conocimiento académico acerca de su grado de educación patrimonial actual,y mostrar un análisis de documentos legislativos, dentro de un paradigma más próximo a lo cualitativo. Los resultados de una investigación realizada correctamente, en este caso, muestran la inexistencia del concepto de educación patrimonial en la normativa vigente, así como carencias formativas sobre patrimonio. Una investigación realizada correctamente implicaría la obtención de resultados análogos por parte de quien repitiera el procedimiento seguido.</subfield>
   </datafield>
   <datafield ind1="8" ind2=" " tag="024">
      <subfield code="a">https://hdl.handle.net/10630/19440</subfield>
   </datafield>
   <datafield tag="653" ind2=" " ind1=" ">
      <subfield code="a">Patrimonio cultural - Estudio y enseñanza</subfield>
   </datafield>
   <datafield ind2="0" ind1="0" tag="245">
      <subfield code="a">Diagnóstico y didáctica de la formación en educación patrimonial</subfield>
   </datafield>
</record>
</metadata></record></GetRecord></OAI-PMH>